Financial statements for the year ended... /

Saved in:
Bibliographic Details
Corporate Author: Institution of Civil Engineering Surveyors
Format: Serial
Language:English
Published: Sale : Institute of Civil Engineering Surveyors.
Subjects:
LEADER 01350cas a2200313 a 4500
001 c000398514
003 CARM
005 20141118090620.0
008 141118c200u9999enkar 0 a0eng d
019 1 |a 69844261  |5 LACONCORD2021 
035 |a (OCoLC)877676335  |5 LACONCORD2021 
040 |a NLE  |b eng  |c NLE  |d OCLCO  |d OCLCF  |d VCAV 
082 0 4 |2 23  |a 624 
110 2 |a Institution of Civil Engineering Surveyors. 
240 1 0 |a Financial statements for the year ended... (Institute of Civil Engineering Surveyors (Company Limited by Guarantee)) 
245 1 0 |a Financial statements for the year ended... /  |c Institute of Civil Engineering Surveyors (Company Limited by Guarantee). 
260 |a Sale :  |b Institute of Civil Engineering Surveyors. 
300 |a v. :  |b ill. ;  |c 21 cm. 
310 |a Annual 
588 |a Description based on: 2007. 
588 |a Earliest vol. consulted: 2002. 
515 |a For the year ended 28 Feb. 
610 2 0 |a Institution of Civil Engineering Surveyors  |v Periodicals. 
852 8 |b CARM  |p 0611458  |j 2002  |f SE 
852 8 |b SCAN  |h A3:AG04B0  |i B12334  |p 0611458  |f SE 
866 0 |a 2002 
999 f f |i 2fc968f4-c24f-5cda-993d-e018d3eea71e  |s 39adbee0-bde9-5d7d-9913-456f026161cf 
952 f f |p Can circulate  |a CAVAL  |b CAVAL  |c CAVAL  |d CARM 1 Store  |i book  |k 2002  |m 0611458 
952 f f |a CAVAL  |b CAVAL  |c CAVAL  |d Unmapped Location  |e B12334  |f A3:AG04B0  |h Other scheme